000 00494nam a2200181Ia 4500
001 19229
005 20260306171728.0
008 260306s9999||||xx |||||||||||||| ||und||
041 _aESP
082 _a658.81
_bB81
100 _aBraidot, Néstor
_eAUT
245 0 _aNeuroventas:
_bconozca cómo funciona el cerebro para vender con inteligencia y resultados existosos
260 _c2015
300 _a275 páginas :
_c23 cm.
650 _aGEN
654 _aCAN
942 _cLIB
_dJUS
_fJUS
_2ddc
_n
999 _c19229
_d19229